| 000 | 00821cam a2200265 i 4500 | ||
|---|---|---|---|
| 001 | 200446803 | ||
| 003 | TR-AnTOB | ||
| 005 | 20250303122042.0 | ||
| 007 | ta | ||
| 008 | 220126s1977 tu 000 0 tur d | ||
| 040 |
_aTR-AnTOB _beng _erda _cTR-AnTOB _dTR-AnTOB |
||
| 041 | _atur | ||
| 050 |
_bHD2963 _a.K66 1977 |
||
| 090 | _aTOBBK HD2963 .K66 1977 | ||
| 245 | 0 | 0 |
_aKooperatifçilik ve sorunları / _cderleyen Selahattin Ertürk. |
| 264 | 1 |
_aAnkara : _bTC Başbakanlık Halkla ılişkiler ve Enformasyon Dairesi Başkanlığı, _c1977. |
|
| 300 |
_a113 pages ; _c30 cm |
||
| 336 |
_2rdacontent _atext _btxt |
||
| 337 |
_2rdamedia _aunmediated _bn |
||
| 338 |
_2rdacarrier _avolume _bnc |
||
| 650 | 7 |
_aİşbirliği _9126956 |
|
| 942 |
_2z _cBK |
||
| 999 |
_c200446803 _d65015 |
||